|
|
|
|
| LEADER |
00951cam a2200253 7i4500 |
| 001 |
0000028843 |
| 005 |
20170218090000.0 |
| 008 |
090903 eng |
| 020 |
|
|
|a 9781420053869 (hbk.)
|
| 090 |
0 |
0 |
|a TK5105.887
|b .H57 2008
|
| 245 |
0 |
0 |
|a Handbook of mobile broadcasting :
|b DVB-H, DMB, ISDB-T, and mediaflo
|c editors-in-chief, Borko Furht, Syed Ahson.
|
| 260 |
|
|
|a Boca Raton:
|b CRC Press,
|c 2008.
|
| 300 |
|
|
|a xviii, 726 p.:
|b ill.;
|c 27 cm.
|
| 490 |
1 |
|
|a Internet and communications;
|v v. 10
|
| 500 |
|
|
|a Includes index
|
| 650 |
0 |
0 |
|a Television broadcasting
|
| 650 |
0 |
0 |
|a Webcasting
|
| 650 |
0 |
0 |
|a Internet television
|
| 650 |
0 |
0 |
|a Digital television
|
| 700 |
0 |
|
|a Syed Ahson
|
| 700 |
1 |
|
|a Furht, Borivoje
|
| 997 |
|
|
|a Communication, Visual Art & Computing, Faculty
|b Computing, Department
|
| 999 |
|
|
|a 0000037404
|b BOK
|c REFERENCE
|e Ground Floor, Bestari Jaya
|
| 999 |
|
|
|a 0000037405
|b BOK
|c REFERENCE
|e Ground Floor, Bestari Jaya
|